An assessment of potential health effects from exposure to PAVE PAWS low-level phased-array radiofrequency energy (Record no. 243296)
[ view plain ]
| 000 -LEADER | |
|---|---|
| fixed length control field | 01912nam a2200361Ia 4500 |
| 245 13 - TITLE STATEMENT | |
| Title | An assessment of potential health effects from exposure to PAVE PAWS low-level phased-array radiofrequency energy |
| 260 ## - PUBLICATION, DISTRIBUTION, ETC. (IMPRINT) | |
| Place of publication | Washington, DC : |
| Name of publisher | National Academies Press, |
| Year of publication | c2005. |
| 300 ## - PHYSICAL DESCRIPTION | |
| Number of Pages | xv, 197 p. : |
| Other physical details | ill. |
| 500 ## - GENERAL NOTE | |
| General note | "This study was supported by contract F05604-01-C-9000..."--T.p. verso. |
| 650 #0 - SUBJECT ADDED ENTRY--TOPICAL TERM | |
| Topical Term | Low-level radiation |
| Topical Term | Radar. |
| Topical Term | Radiation |
| Topical Term | Radiation |
| Topical Term | Radio frequency |
| Topical Term | Radio frequency |
| 856 40 - ELECTRONIC LOCATION AND ACCESS | |
| Uniform Resource Identifier | http://site.ebrary.com/lib/rucke/Doc?id=10160732 |
No items available.
